MARC

LEADER 00000naa0a2200000 4500
001 661281
005 20250829112411.0
035 |a (RuTPU)RU\TPU\network\31599 
035 |a RU\TPU\network\29783 
090 |a 661281 
100 |a 20191127d2019 k||y0engy50 ba 
101 0 |a eng 
135 |a drgn ---uucaa 
181 0 |a i  
182 0 |a b 
200 1 |a Dependence of transition process duration on values of separation cascade flows  |f A. A. Orlov, A. A. Ushakov, V. P. Sovach 
203 |a Text  |c electronic 
300 |a Title screen 
463 |t Physical and Chemical Processes in Atomic Systems  |o Technical Program and Abstracts of XVII International Scientific Conference and School of Young Scholars, Moscow, October 28-30, 2019  |v [P. 38]  |d 2019 
610 1 |a электронный ресурс 
610 1 |a труды учёных ТПУ 
610 1 |a cascade 
610 1 |a isotope 
610 1 |a separation 
610 1 |a germanium 
610 1 |a transition process 
610 1 |a каскады 
610 1 |a изотопы 
610 1 |a германий 
610 1 |a переходные процессы 
700 1 |a Orlov  |b A. A.  |c physicist  |c Professor of Tomsk Polytechnic University, Doctor of technical sciences  |f 1962-  |g Aleksey Alekseevich  |3 (RuTPU)RU\TPU\pers\34230  |9 17761 
701 1 |a Ushakov  |b A. A.  |g Anton Andreevich 
701 1 |a Sovach  |b V. P.  |g Viktor Petrovich 
712 0 2 |a Национальный исследовательский Томский политехнический университет  |b Инженерная школа ядерных технологий  |b Отделение ядерно-топливного цикла  |3 (RuTPU)RU\TPU\col\23554 
801 2 |a RU  |b 63413507  |c 20191127  |g RCR 
856 4 |u https://pnasc.mephi.ru/wp-content/uploads/2019/10/tp_final.pdf#page=40 
942 |c CF